| 000 | 01255cam a2200337 4500 | ||
|---|---|---|---|
| 999 |
_c8118 _d8118 |
||
| 001 | 2661000 | ||
| 003 | OSt | ||
| 005 | 20230328114424.0 | ||
| 008 | 740304s1974 paua b 001 0 eng | ||
| 010 | _a 72080787 | ||
| 020 | _a072161843X | ||
| 040 |
_aDLC _cDLC _dDLC |
||
| 050 | 0 | 0 |
_aRB147 _b.D8 1974 |
| 082 | 0 | 0 | _aWD 200D914 1969 |
| 100 | 1 |
_aDuncan, Garfield G. _q(Garfield George), _d1901-1983. _916572 |
|
| 240 | 1 | 0 | _aDiseases of metabolism |
| 245 | 1 | 0 |
_aDuncan's Diseases of metabolism. _cWith contributions by Margaret J. Albrink [and others] Edited by Philip K. Bondy and Leon E. Rosenberg. |
| 250 | _a7th ed. | ||
| 260 |
_aPhiladelphia, _bSaunders, _c1974. |
||
| 300 |
_a2 v. _billus. _c27 cm. |
||
| 504 | _aIncludes bibliographical references. | ||
| 505 | 0 | _av. 1. Endocrinology.--v. 2. Genetics and metabolism. | |
| 650 | 0 |
_aMetabolism _xDisorders. _916569 |
|
| 700 | 1 |
_aAlbrink, Margaret J. _q(Margaret Joralemon), _d1920-2012. _916573 |
|
| 700 | 1 |
_aBondy, Philip K. _q(Philip Kramer), _d1917-2013, _eeditor. _916574 |
|
| 700 | 1 |
_aRosenberg, Leon E., _d1933-2022, _eeditor. _916575 |
|
| 740 | 0 | _aDiseases of metabolism. | |
| 906 |
_a7 _bcbc _corignew _d2 _eopcn _f19 _gy-gencatlg |
||
| 942 |
_2ddc _cO_SHELF |
||